000 00558nam a2200181Ia 4500
008 090124s9999 xx 000 0 und d
082 _b33932
100 _aवडावाला सुमेध
245 _a ब्रम्हकमळ
250 _a1
260 _bमॅजेस्टिक प्रकाशन
_c1997
300 _a323
600 _aवडावाला सुमेध
630 _a ब्रम्हकमळ
700 _aवडावाला सुमेध
730 _a ब्रम्हकमळ
942 _cBOOK
999 _c99813
_d99813